35 năm phát triển sự nghiệp giáo dục phổ thông
Spremljeno u:
| Glavni autor: | |
|---|---|
| Daljnji autori: | , |
| Format: | Knjiga |
| Izdano: |
H.
Giáo dục
1980
|
| Teme: | |
| Oznake: |
Dodaj oznaku
Bez oznaka, Budi prvi tko označuje ovaj zapis!
|
| Thư viện lưu trữ: | Trung tâm Học liệu Lê Vũ Hùng, Trường Đại học Đồng Tháp |
|---|
| LEADER | 00850pam a22002538a 4500 | ||
|---|---|---|---|
| 001 | 00022508 | ||
| 005 | 20171026081023.0 | ||
| 008 | 110530s1980 ||||||Viesd | ||
| 041 | 0 | # | |a Vie |
| 082 | 1 | 4 | |a 373.09 |b B100M |
| 100 | 0 | # | |a Võ Thuần Nho |
| 245 | 0 | 0 | |a 35 năm phát triển sự nghiệp giáo dục phổ thông |c Võ Thuần Nho, Hoàng Ngọc Di, Nguyễn Thị Bích Đào |
| 260 | # | # | |a H. |b Giáo dục |c 1980 |
| 300 | # | # | |a 196 tr. |c 21 cm. |
| 653 | # | # | |a Giáo dục |
| 653 | # | # | |a Phát triển |
| 653 | # | # | |a THPT |
| 653 | # | # | |a Sự nghiệp |
| 700 | 0 | # | |a Hoàng Ngọc Di |
| 700 | 0 | # | |a Nguyễn Thị Bích Đào |
| 852 | # | # | |j KD.0009504 |
| 852 | # | # | |b Kho đọc |j KD.0009504 |
| 910 | 0 | # | |a Đức |d 30/05/2011 |
| 980 | # | # | |a Trung tâm Học liệu Lê Vũ Hùng, Trường Đại học Đồng Tháp |